| 000 | 00782nam a2200205 a 4500 | ||
|---|---|---|---|
| 003 | 0 | ||
| 005 | 20250227104127.0 | ||
| 008 | 100819s19uu xx 00 eng d | ||
| 050 |
_aPGS SB 191.G7 _b.M389 2010 |
||
| 100 | _aMaruyama, Daichi Fernando M. | ||
| 245 |
_aThe use of lawn fertilizers to different types of grasses / _cDaichi Fernando M. Maruyama. |
||
| 260 |
_aLas PiƱas City, Philippines : _bSouthville International School and Colleges, _c2010. |
||
| 300 |
_a14 pages : _billustrations ; _c28 cm. |
||
| 504 | _aIncludes bibliographical references. | ||
| 650 |
_aGrasses _vFertilization. |
||
| 650 |
_aPlant nutrition _vGrass species. |
||
| 650 |
_aOrganic fertilizers _vEffects on plants. |
||
| 650 |
_aInorganic fertilizers _vEffects on plants. |
||
| 942 |
_2lcc _cPASS |
||
| 999 |
_c98381 _d98381 |
||